000 00677nam 22002053 4500
001 200906
090 _a200906
100 _a20260303d u||y0pory50 ba
200 _aRaça e história
_fClaude Lévi Strauss
_gtradução Inácia Canelas
205 _a
210 _aLisboa
_cPresença
_dimp. 1980
215 _a151 p.
_cbrochado
_d18 cm
225 _aBiblioteca universal
_h8
606 _92051
_aAntropologia Cultural. Etnologia. Etnografia. Usos e Costumes. Tradições. Modo de vida. Folclore
675 _a39
_vPT
_zpor
700 _913135
_aLévy-Strauss
_bClaude
_f1908-2009
702 _916592
_aCanelas
_bInácia
801 _aPT
_bBMMN
_gRPC
830 _cVanda
990 _cLIVROS